Macrosistema del Cantón Central de San José (Registro nro. 7181)
[ vista simple ]
| 000 -LEADER | |
|---|---|
| fixed length control field | 00685nmm a22002417a 4500 |
| 005 - DATE AND TIME OF LATEST TRANSACTION | |
| control field | 20170214131944.0 |
| 008 - FIXED-LENGTH DATA ELEMENTS--GENERAL INFORMATION | |
| fixed length control field | 150727b xxu||||| |||| 00| | spa d |
| 041 ## - LANGUAGE CODE | |
| Language code of text/sound track or separate title | Español |
| 082 ## - DEWEY DECIMAL CLASSIFICATION NUMBER | |
| Classification number | GT 33 |
| 100 ## - MAIN ENTRY--AUTHOR NAME | |
| Personal name | Arroyo Sandoval, Verónica |
| 100 ## - MAIN ENTRY--AUTHOR NAME | |
| Personal name | Cano Guevara, Carolina |
| 100 ## - MAIN ENTRY--AUTHOR NAME | |
| Personal name | Marín Picado, Humberto |
| 100 ## - MAIN ENTRY--AUTHOR NAME | |
| Personal name | Rivera Coto, Stefany |
| 245 ## - TITLE STATEMENT | |
| Title | Macrosistema del Cantón Central de San José |
| 260 ## - PUBLICATION, DISTRIBUTION, ETC. (IMPRINT) | |
| Year of publication | 2015 |
| 502 ## - DISSERTATION NOTE | |
| Dissertation note | |
| 650 ## - SUBJECT ADDED ENTRY--TOPICAL TERM | |
| Topical Term | CANTÓN CENTRAL DE SAN JOSÉ |
| 650 ## - SUBJECT ADDED ENTRY--TOPICAL TERM | |
| Topical Term | COSTA RICA |
| 650 ## - SUBJECT ADDED ENTRY--TOPICAL TERM | |
| Topical Term | HISTORIA |
| 650 ## - SUBJECT ADDED ENTRY--TOPICAL TERM | |
| Topical Term | POBLACIÓN |
| 650 ## - SUBJECT ADDED ENTRY--TOPICAL TERM | |
| Topical Term | ATRACTIVOS TURÍSTICOS |
| 942 ## - ADDED ENTRY ELEMENTS (KOHA) | |
| Koha item type | Geografía Turística |
| Withdrawn status | Lost status | Damaged status | Not for loan | Home library | Current library | Date acquired | Precio de compra | Total Checkouts | Full call number | Accession Number | Date last seen | Date checked out | Price effective from | Koha item type |
|---|---|---|---|---|---|---|---|---|---|---|---|---|---|---|
| Departamento de Biblioteca y Documentación Alfonso Chase Brenes | Departamento de Biblioteca y Documentación Alfonso Chase Brenes | 14/02/2017 | 62720.00 | 1 | GT 33 | GT33 | 26/10/2018 | 26/10/2018 | 14/02/2017 | Geografía Turística |